Japanese life and culture in th meiji era

This book consists of the following many parts: clothing, food and drink, houses and building, transportation and communication, family life, cities and villages

Gespeichert in:
Bibliographische Detailangaben
1. Verfasser: Keizo, Shibusawa
Format: Buch
Sprache:Undetermined
Veröffentlicht: Tokyo Obunsha 1958
Tags: Tag hinzufügen
Keine Tags, Fügen Sie den ersten Tag hinzu!
Thư viện lưu trữ: Trung tâm Học liệu Trường Đại học Cần Thơ
LEADER 00625nam a2200181Ia 4500
001 CTU_113471
008 210402s9999 xx 000 0 und d
082 |a 306 
082 |b K28/Vol.5 
100 |a Keizo, Shibusawa 
245 0 |a Japanese life and culture in th meiji era 
245 0 |c Shibusawa Keizo 
260 |a Tokyo 
260 |b Obunsha 
260 |c 1958 
520 |a This book consists of the following many parts: clothing, food and drink, houses and building, transportation and communication, family life, cities and villages 
904 |i Tuyến 
980 |a Trung tâm Học liệu Trường Đại học Cần Thơ